000 00665nam a2200241Ia 4500
003 OSt
005 20220928104342.0
006 a|||||r|||| 00| 0
007 ta
008 220927b |||||||| |||| 00| 0 eng d
024 _a129284
037 _cTextual
040 _aSDCL
_cSDCL
_beng
041 _2eng
_aeng
082 _aR693x1,1, L6
100 _aSanghvi Sukhlal
_9410068
245 0 _aTattvarthsutra.
260 _aVaranasi
_bParshwanath Vidiyaashram ShodhSansthan
_c1976
300 _a278p.
_ccm.
490 _aParshwanath Vidiya Ashram Granthmala
942 _hR693x1,1, L6
_cTEXL
_2CC
999 _c725648
_d725648